Unsolve mysteries of the universe
| Main Author: | |
|---|---|
| Format: | Book |
| Published: |
London :
Treasure Press ,
1987
|
| Subjects: |
MARC
| LEADER | 00000cam a2200000 7i4500 | ||
|---|---|---|---|
| 001 | 0000000440 | ||
| 002 | 000000518 | ||
| 005 | 20000330.0 | ||
| 020 | |a 185051190X | ||
| 090 | 0 | 0 | |a 001.94 |b CAV |
| 100 | 0 | |a Cavendish, Richard | |
| 245 | 1 | 0 | |a Unsolve mysteries of the universe |c Richard Cavendish |
| 260 | |a London : |b Treasure Press , |c 1987 | ||
| 300 | |a 79p. : |b ill. ; |c 24cm. | ||
| 650 | 0 | 0 | |a Curiosities and wonders |
| 999 | |a 0002821 |b BUKU |c PINJAMAN |e PERPUSTAKAAN KOMUNITI PETALING JAYA | ||